Normal view
MARC view
- edited Thomas, Meryl
Entry Personal Name
001 - CONTROL NUMBER
- control field: 6122
003 - CONTROL NUMBER IDENTIFIER
- control field: JO-AjAnu
005 - DATE AND TIME OF LATEST TRANSACTION
- control field: 20230606071308.0
008 - FIXED-LENGTH DATA ELEMENTS
- fixed length control field: 230606|| aca||aabn | a|a d
040 ## - CATALOGING SOURCE
- Original cataloging agency: JO-AjAnu
- Transcribing agency: JO-AjAnu
100 ## - HEADING--PERSONAL NAME
- Personal name: edited Thomas, Meryl
670 ## - SOURCE DATA FOUND
- Source citation: Work cat.: (JO-AjAnu)3174: edited Thomas, Meryl , author, Blackstone's statutes on Property Law 2019-2020